Cutting Forces Measurement during Maching of Aluminum Alloy (A16061-T6) (Record no. 524253)

000 -LEADER
fixed length control field 00610nam a22001937a 4500
003 - CONTROL NUMBER IDENTIFIER
control field NUST
005 - DATE AND TIME OF LATEST TRANSACTION
control field 20240215120728.0
008 - FIXED-LENGTH DATA ELEMENTS--GENERAL INFORMATION
fixed length control field 190619b ||||| |||| 00| 0 eng d
038 ## - RECORD CONTENT LICENSOR
Staff Name Attaullah
082 ## - DEWEY DECIMAL CLASSIFICATION NUMBER
Classification number 670.5
100 ## - MAIN ENTRY--PERSONAL NAME
Personal name Shafi Uddin
9 (RLIN) 15062
245 ## - TITLE STATEMENT
Title Cutting Forces Measurement during Maching of Aluminum Alloy (A16061-T6)
Statement of responsibility, etc. Shafi Uddin
260 ## - PUBLICATION, DISTRIBUTION, ETC.
Place of publication, distribution, etc. Islamabad
Name of publisher, distributor, etc. SMME NUST
Date of publication, distribution, etc. 2017
300 ## - PHYSICAL DESCRIPTION
Extent 46p.
Dimensions 30cm.
610 ## - SUBJECT ADDED ENTRY--CORPORATE NAME
Source of heading or term Design and Manufacturing Engineering - MS Thesis
700 ## - ADDED ENTRY--PERSONAL NAME
Personal name Dr Mushtaq Khan
9 (RLIN) 16155
856 ## - ELECTRONIC LOCATION AND ACCESS
Uniform Resource Identifier <a href="http://10.250.8.41:8080/xmlui/handle/123456789/35632">http://10.250.8.41:8080/xmlui/handle/123456789/35632</a>
942 ## - ADDED ENTRY ELEMENTS (KOHA)
Source of classification or shelving scheme
Koha item type Thesis
Holdings
Withdrawn status Lost status Source of classification or shelving scheme Damaged status Not for loan Permanent Location Current Location Shelving location Date acquired Full call number Barcode Date last seen Price effective from Koha item type
          Central Library (CL) Central Library (CL) Thesis 06/19/2019 670.5 CL-T-1687 06/19/2019 06/19/2019 Thesis
© 2023 Central Library, National University of Sciences and Technology. All Rights Reserved.